Hodnotenie výkonnosti výrobnej linky pomocou simulácie pre projekt T6 – Bočný obklad
Uložené v:
| Hlavný autor: | |
|---|---|
| Ďalší autori: | |
| Médium: | Rukopis Kniha |
| Jazyk: | Slovak |
| Vydavateľské údaje: |
2017
|
| Predmet: | |
| On-line prístup: | http://is.stuba.sk/zp/portal_zp.pl?podrobnosti=126749 |
| Tagy: |
Žiadne tagy, Buďte prvý, kto otaguje tento záznam!
|
MARC
| LEADER | 00000ntm a22000003a 4500 | ||
|---|---|---|---|
| 001 | stuzp62132 | ||
| 003 | SK-STU | ||
| 005 | 20170610210451.3 | ||
| 007 | ta | ||
| 008 | 150427s2015----xo-----f-mn---000-0-slo-d | ||
| 040 | |a STU |b slo | ||
| 041 | 0 | |a slo | |
| 100 | 1 | |a Benkovič, Miroslav |u 066000 |k Z4 |4 aut |U MTF Materiálovotechnologická fakulta |T MTF Ústav aplikovanej informatiky, automatizácie a mechatroniky |X 6924 |U M6000 |Y 86 |7 A000006924 | |
| 242 | 0 | 1 | |a Evaluating the performance of the production line by simulation for the T6 project - side facing |y eng |
| 245 | 1 | 0 | |a Hodnotenie výkonnosti výrobnej linky pomocou simulácie pre projekt T6 – Bočný obklad |
| 260 | |c 2017 | ||
| 650 | 4 | |a simulácia |2 slo | |
| 650 | 4 | |a witness |2 slo | |
| 650 | 4 | |a optimalizácia |2 slo | |
| 650 | 4 | |a witness |2 eng | |
| 650 | 4 | |a optimization |2 eng | |
| 650 | 4 | |a simulation |2 eng | |
| 700 | 1 | |a Važan, Pavel |u 066000 |k Z1 |4 ths |U MTF Materiálovotechnologická fakulta |T MTF Ústav aplikovanej informatiky, automatizácie a mechatroniky |X 323 |U M6000 |Y 86 |7 A000000323 | |
| 856 | 4 | |u http://is.stuba.sk/zp/portal_zp.pl?podrobnosti=126749 | |
| 996 | |c M* DP-13312 |l MMSKP |s P |a 0 |w stuzp62132_0001 | ||